000 00666nam a2200265 a 4500
003 AR-BaBNM
005 20251128205133.0
008 082120s2002 ||||||||||||||000 | spa||
020 _a950-512-192-X
040 _cAR-BaBNM
100 1 _aDíaz, Alejandro F.
245 0 0 _aFelicidad matrimonial
_bsecretos para ser felices
250 _a1ª ed.
260 _aBuenos Aires
_bClaretiana
_c1991
300 _a154 p.
650 4 _aMATRIMONIO
650 4 _aRELIGION
650 4 _aCRISTIANISMO
650 4 _aEDUCACION SEXUAL
650 4 _aCOMPORTAMIENTO SOCIAL
650 4 _aEDUCACION MORAL
650 4 _aVALORES MORALES
942 _cBK
998 _cMARTIN
999 _c10141
_d10141